Pio IX e Vittorio Emmanuele II, dal loro carteggio privato. I. La laicizzazione dello Stato Sardo (1848-1856). La questione Romana (2 v.) (Record n. 21290)

Dettagli MARC
000 -LEADER
fixed length control field 00650nam a2200241Ia 4500
003 - CONTROL NUMBER IDENTIFIER
control field IT-RoPAU
005 - DATE AND TIME OF LATEST TRANSACTION
control field 20220918175616.0
008 - FIXED-LENGTH DATA ELEMENTS--GENERAL INFORMATION
fixed length control field 120407s9999 xx 000 0 und d
040 ## - CATALOGING SOURCE
Original cataloging agency IT-RoPAU
040 ## - CATALOGING SOURCE
Transcribing agency IT-RoPAU
041 ## - LANGUAGE CODE
Language code of text/sound track or separate title ita
100 ## - MAIN ENTRY--PERSONAL NAME
Personal name Pietro Pirri
9 (RLIN) 35090
100 ## - MAIN ENTRY--PERSONAL NAME
Titles and words associated with a name s.j.
9 (RLIN) 337
245 ## - TITLE STATEMENT
Title Pio IX e Vittorio Emmanuele II, dal loro carteggio privato. I. La laicizzazione dello Stato Sardo (1848-1856). La questione Romana (2 v.)
250 ## - EDITION STATEMENT
Edition statement Roma
260 ## - PUBLICATION, DISTRIBUTION, ETC. (IMPRINT)
Place of publication, distribution, etc. Saler e Gregoriana
260 ## - PUBLICATION, DISTRIBUTION, ETC. (IMPRINT)
Date of publication, distribution, etc. 1944
300 ## - PHYSICAL DESCRIPTION
Dimensions 24 cm
490 ## - SERIES STATEMENT
Series statement Misc. Hist. Pont. 8, 16, 17
490 ## - SERIES STATEMENT
Volume/sequential designation 1
942 ## - ADDED ENTRY ELEMENTS (KOHA)
Koha item type LIBRO
Source of classification or shelving scheme Dewey Decimal Classification
Dati di copia
Withdrawn status Lost status Source of classification or shelving scheme Damaged status Not for loan Home library Current library Date acquired Total Checkouts Full call number Date last seen Price effective from Koha item type Public note
    Dewey Decimal Classification Buone Condizioni Not For Loan PAULUS-BIBLIOTECA PAULUS-BIBLIOTECA 11/04/2012   270.8.28 11/04/2012 11/04/2012 LIBRO Inserito da: Mario In data: 19 settembre 2011 fondo: Via A.Severo 56 Progr:29234
CREDITS: SOCIETA' SAN PAOLO Via A.Severo, 58 - ROMA (RM) & PERIODICI SAN PAOLO SRL Via Giotto, 36 MILANO & CISF Via Giotto, 36 MILANO & EDIZIONI SAN PAOLO SRL,  Piazza Soncino, 5 CINISELLO BALSAMO (MI) -- ITALY